Štruktúra a dynamika zmien indexov obchodných bariér v najvýznamnejších zoskupeniach krajín OECD

Základné ukazovatele na hodnotenie bariér medzinárodného obchodu podľa metodiky OECD. Tarifné colné indikátory. Indikátory OECD netarifných obchodných bariér. Indexy colných bariér používané v krajinách OECD. Porovnanie indexov obchodných bariér najvýznamnejších ekonomík sveta podľa metodiky OECD.

Gespeichert in:
Bibliographische Detailangaben
1. Verfasser: Kostolanský, Rudolf
Format: Buchkapitel
Sprache:Slowakisch
Schlagworte:
Tags: Tag hinzufügen
Keine Tags, Fügen Sie das erste Tag hinzu!

MARC

LEADER 00000naa a2200000 4500
001 r040681
005 20230929073410.0
041 0 |a slo 
044 |a SK 
245 1 0 |a Štruktúra a dynamika zmien indexov obchodných bariér v najvýznamnejších zoskupeniach krajín OECD  |c Rudolf Kostolanský 
520 |a Základné ukazovatele na hodnotenie bariér medzinárodného obchodu podľa metodiky OECD. Tarifné colné indikátory. Indikátory OECD netarifných obchodných bariér. Indexy colných bariér používané v krajinách OECD. Porovnanie indexov obchodných bariér najvýznamnejších ekonomík sveta podľa metodiky OECD. 
610 2 0 |a bariéry obchodu zahraničného 
610 2 0 |a indexy 
610 2 0 |a tarify colné 
610 2 0 |a OECD 
610 2 0 |a Svetová obchodná organizácia 
610 2 0 |a Všeobecná dohoda o clách a obchode 
100 1 |a Kostolanský, Rudolf